<The> Strategy Process Concepts, Contexts, Cases
Gespeichert in:
| 1. Verfasser: | |
|---|---|
| Weitere Verfasser: | |
| Format: | Buch |
| Sprache: | Englisch |
| Veröffentlicht: |
Englewood Cliffs
Prentice Hall
1991
|
| Ausgabe: | 2. ed. |
| Schlagworte: | |
| Tags: |
Keine Tags, Fügen Sie das erste Tag hinzu!
|
MARC
| LEADER | 00000nam a2200000 4500 | ||
|---|---|---|---|
| 001 | c005113 | ||
| 005 | 20221206114945.1 | ||
| 020 | |a 0-13-851916-1 | ||
| 041 | 0 | |a eng | |
| 044 | |a US | ||
| 245 | 1 | 0 | |a <The> Strategy Process |b Concepts, Contexts, Cases |c Henry Mintzberg, James Brian Quinn |
| 250 | |a 2. ed. | ||
| 264 | 1 | |a Englewood Cliffs |b Prentice Hall |c 1991 | |
| 300 | |a 1083 s. | ||
| 610 | 2 | 0 | |a stratégia hospodárska |
| 610 | 2 | 0 | |a organizácie |
| 610 | 2 | 0 | |a manažment |
| 610 | 2 | 0 | |a politika hospodárska |
| 610 | 2 | 0 | |a štúdie prípadové |
| 100 | 1 | |a Mintzberg, Henry | |
| 700 | 1 | |a Quinn, James Brian | |